Obras completas y algo más

Gardado en:
Detalles Bibliográficos
Autor Principal: Parra, Nicanor (Parra Sandoval, Nicanor) (autor)
Formato: Libro
Idioma:Lingua castelá
Publicado: Santiago Círculo de Lectores 1990
Edición:1a. ed
Subjects:
Tags: Engadir etiqueta
Sen Etiquetas, Sexa o primeiro en etiquetar este rexistro!

MARC

LEADER 00000cam a2200000 a 4500
001 UCG1258
003 CL-VaPUC
008 100429e19900000CL |||||||||||||||||spa|d
020 |a 9587094816v.1 
082 0 4 |a Ch861  |b PAR  |2 21 
100 |a Parra, Nicanor   |q (Parra Sandoval, Nicanor)  |e autor  |9 310550 
245 1 0 |a Obras completas y algo más 
250 |a 1a. ed 
300 |a 2 v 
942 |c BK 
945 |d 20100429 00:00:00  |a rbrito 
260 |a Santiago  |b Círculo de Lectores  |c 1990 
500 |a v.1: De Gato en el camino a Artefactos, 1935-1972. Voy y vuelvo 
500 |a v.2: De News from nowhere a Discursos de sobremesa, 1975-2006. El paso del tiempo 
650 0 |a Poesías chilenas   |9 265280 
583 |a last modification  |c 20150113 11:59:35  |k Rodrigo Vera 
999 |c 340666  |d 340664 
952 |0 0  |1 0  |4 0  |6 CH_861_000000000000000_PAR_1990  |7 0  |8 F  |9 435588  |a BIBART  |b BIBART  |d 2019-11-22  |h v.1  |i 4665090  |o Ch861 PAR 1990  |p 4665090  |r 2025-03-13  |w 2019-11-22  |y BK_F  |k ART 
952 |0 0  |1 0  |4 0  |6 CH_861_000000000000000_PAR_1990  |7 0  |8 X  |9 435589  |a FDOBUD  |b FDOBUD  |d 2019-11-22  |h v.1  |i 4861361  |o Ch861 PAR 1990  |p 4861361  |r 2019-11-22  |w 2019-11-22  |y BK_X  |k BUD 
952 |0 0  |1 0  |4 0  |6 CH_861_000000000000000_PAR_1990  |7 0  |8 X  |9 435590  |a FDOBUD  |b FDOBUD  |d 2019-11-22  |h v.2  |i 486137K  |o Ch861 PAR 1990  |p 486137K  |r 2019-11-22  |w 2019-11-22  |y BK_X  |k BUD